00482nam a2200193 a 4500001001300000003000900013005001700022008004100039020000900080082001500089100001500104245004900119260003500168300000900203500003500212505001000247650001600257700001500273nice12345678IN_TiNIC20260116012701.0050524s1979 illa grp 000 0 eng  ac2500a231.3bPEC aPeck, John aWhat the Bible Teaches About the Holy Spirit aIllinoisbTyndale House c1979 a144p aincludes index and biblioraphy2 aIndex aHoly Spirit1 aPeck, John